<The> Project Value for Money as an Instrument of Government for Increasing the Efficiency of Public Spending
Salvato in:
| Autore principale: | |
|---|---|
| Altri autori: | |
| Natura: | Capitolo di libro |
| Lingua: | inglese |
| Soggetti: | |
| Tags: |
Nessun Tag, puoi essere il primo ad aggiungerne!!
|
MARC
| LEADER | 00000nla a2200000 4500 | ||
|---|---|---|---|
| 001 | 0233991 | ||
| 005 | 20240502073810.2 | ||
| 041 | 0 | |a eng | |
| 044 | |a SK | ||
| 245 | 1 | 0 | |a <The> Project Value for Money as an Instrument of Government for Increasing the Efficiency of Public Spending |c Oľga Kmeťová, Magdaléna Freňáková |
| 500 | |a Abstrakt | ||
| 610 | 2 | 0 | |a peniaze |
| 610 | 2 | 0 | |a hodnota |
| 610 | 2 | 0 | |a zdroje finančné |
| 610 | 2 | 0 | |a výdavky verejné |
| 610 | 2 | 0 | |a náklady |
| 610 | 2 | 0 | |a výnosy |
| 610 | 2 | 0 | |a analýza nákladov a výnosov |
| 610 | 2 | 0 | |a benchmarking |
| 610 | 2 | 0 | |a projekty |
| 100 | 1 | |a Kmeťová, Oľga, 1959- | |
| 700 | 1 | |a Freňáková, Magdaléna, 1981- | |